000 00479cam a22001457a 4500
008 180718b1981 xxu||||| |||| 00| 0 eng d
082 _aAPPPA 80-81 CHO
100 _aChowdary, P.U.C.
245 _aSocial burdens on Indian railways with special refernce to suburban traffic
_cby P.U.C. Chowdary
260 _aNew Delhi
_bIndian Institute of Public Administration
_c1981
300 _a147p.
650 _aSuburban traffic
650 _aIndian railways
650 _aSocial burdens
999 _c501259
_d501259